[Event "Osijek-ch op"]
[Site "Osijek"]
[Date "2014.02.21"]
[Round "3"]
[White "Kekez, Davor"]
[Black "Skrbic, David"]
[Result "1-0"]
[WhiteElo "1808"]
[BlackElo "1937"]
[PlyCount "75"]
[EventDate "2014.02.20"]
[EventType "swiss"]
[EventRounds "7"]
[EventCountry "CRO"]
[SourceTitle "CBM 159 Extra"]
[Source "ChessBase"]
[SourceDate "2014.04.24"]
[SourceVersion "1"]
[SourceVersionDate "2014.04.24"]
[SourceQuality "1"]

1. e4 e5 2. Nf3 Nc6 3. Bc4 Nf6 4. d3 Bc5 5. Nc3 d6 6. h3 h6 7. Na4 Bb6 8. Nxb6 axb6 9. Be3 Na5 10. Bb3 Bd7 11. 0-0 Qe7 12. Qd2 g5 13. g4 0-0-0 14. Qc3 Nc6 15. Nh2 Rdg8 16. f3 h5 17. a4 hxg4 18. hxg4 Rxh2 19. Kxh2 Bxg4 20. Kg1 Bh3 21. Rf2 g4 22. f4 g3 23. Rg2 Bxg2 24. Kxg2 exf4 25. Bxf4 Nxe4 26. dxe4 Qxe4+ 27. Qf3 Qxf3+ 28. Kxf3 Nd4+ 29. Kg2 Ne2 30. Be3 Re8 31. Kf3 f5 32. Bc4 Nd4+ 33. Bxd4 Re4 34. c3 c5 35. Bd3 d5 36. Bxe4 fxe4+ 37. Kxg3 cxd4 38. cxd4 1-0

[Event "Osijek Baranja CupT 6th"]
[Site "Osijek"]
[Date "2013.03.09"]
[Round "3.3"]
[White "Kekez, Davor"]
[Black "Mahmutbegovic, Nadina"]
[Result "0-1"]
[WhiteElo "1808"]
[BlackElo "1763"]
[PlyCount "64"]
[EventDate "2013.03.08"]
[EventType "team-tourn"]
[EventRounds "5"]
[EventCountry "CRO"]
[SourceTitle "EXT 2014"]
[Source "ChessBase"]
[SourceDate "2013.11.20"]
[SourceVersion "1"]
[SourceVersionDate "2013.11.20"]
[SourceQuality "1"]

1. e4 e5 2. Nf3 Nc6 3. d4 exd4 4. Nxd4 Nf6 5. Nxc6 bxc6 6. Bg5 h6 7. Bh4 Be7 8. f3 0-0 9. Bc4 Re8 10. 0-0 Nh5 11. Be1 Bd6 12. Nc3 Qg5 13. Bb3 Ba6 14. Ne2 Nf4 15. Nxf4 Bxf1 16. Kxf1 Qxf4 17. g3 Qf6 18. Bc3 Be5 19. Bxe5 Rxe5 20. Kg2 d5 21. exd5 Rae8 22. Kf2 cxd5 23. f4 Qb6+ 24. Kf1 Re1+ 25. Qxe1 Rxe1+ 26. Rxe1 Qb5+ 27. Kf2 Qc5+ 28. Kf1 a5 29. c3 Kf8 30. Re5 a4 31. Bxd5 f6 32. Rf5 Qb5+ 0-1

[Event "Borovo op"]
[Site "Borovo"]
[Date "2010.01.05"]
[Round "6"]
[White "Radmanovic, Danijel"]
[Black "Kekez, Davor"]
[Result "1-0"]
[WhiteElo "1891"]
[BlackElo "1801"]
[PlyCount "46"]
[EventDate "2010.01.02"]
[EventType "swiss"]
[EventRounds "9"]
[EventCountry "CRO"]
[SourceTitle "CBM 134 Extra"]
[Source "ChessBase"]
[SourceDate "2010.03.03"]
[SourceVersion "1"]
[SourceVersionDate "2010.03.03"]
[SourceQuality "1"]

1. e4 c5 2. d4 cxd4 3. c3 dxc3 4. Nxc3 Nc6 5. Nf3 d6 6. Bc4 e6 7. 0-0 Be7 8. Qe2 a6 9. Rd1 b5 10. Bb3 Na5 11. Bc2 Qc7 12. Bf4 e5 13. Nd5 Qb7 14. Bd2 Nc4 15. a4 Nxd2 16. Qxd2 Nf6 17. Nxe7 Qxe7 18. Qxd6 Qxd6 19. Rxd6 Bb7 20. axb5 Ke7 21. Rb6 Bxe4 22. Bxe4 Nxe4 23. bxa6 f6 1-0

[Event "Borovo op"]
[Site "Borovo"]
[Date "2010.01.04"]
[Round "5"]
[White "Kekez, Davor"]
[Black "Oreskovic, Pero"]
[Result "0-1"]
[WhiteElo "1801"]
[BlackElo "2117"]
[PlyCount "106"]
[EventDate "2010.01.02"]
[EventType "swiss"]
[EventRounds "9"]
[EventCountry "CRO"]
[SourceTitle "CBM 134 Extra"]
[Source "ChessBase"]
[SourceDate "2010.03.03"]
[SourceVersion "1"]
[SourceVersionDate "2010.03.03"]
[SourceQuality "1"]

1. Nf3 Nf6 2. c4 g6 3. b3 Bg7 4. Bb2 0-0 5. g3 d6 6. Bg2 e5 7. d3 Nbd7 8. Nc3 a5 9. 0-0 Nc5 10. Qc2 Bd7 11. d4 exd4 12. Nxd4 Rb8 13. Rad1 Ng4 14. Ndb5 Nf6 15. Rfe1 Bc6 16. e4 Qc8 17. Na7 Qe6 18. Nxc6 bxc6 19. Ne2 Nh5 20. Bxg7 Nxg7 21. Nd4 Qf6 22. Nxc6 Rb6 23. e5 dxe5 24. Nxe5 a4 25. Nd7 Nxd7 26. Rxd7 Ne6 27. Red1 c5 28. R1d6 axb3 29. axb3 Qa1+ 30. Rd1 Qa3 31. Bd5 Nd4 32. Qe4 Rf6 33. Qe7 Qb2 34. f4 Rf5 35. Re1 Rxd5 36. Rxd5 Nf3+ 37. Kf1 Nxh2+ 38. Kg1 Nf3+ 39. Kf1 Nxe1 40. Qxe1 Ra8 41. Qd2 Qxb3 42. Rd8+ Rxd8 43. Qxd8+ Kg7 44. Qd5 Qxg3 45. Qxc5 Qxf4+ 46. Ke1 h5 47. Qb5 h4 48. c5 h3 49. c6 Qg3+ 50. Kd2 Qg2+ 51. Ke3 h2 52. c7 Qg3+ 53. Kd2 Qxc7 0-1

[Event "Osijek op 3rd"]
[Site "Osijek"]
[Date "2007.12.16"]
[Round "9.16"]
[White "Abramovic, Kresimir"]
[Black "Kekez, Davor"]
[Result "1-0"]
[WhiteElo "1634"]
[BlackElo "1680"]
[PlyCount "87"]
[EventDate "2007.12.08"]
[EventType "swiss"]
[EventRounds "9"]
[EventCountry "CRO"]
[SourceTitle "CBM 121 Extra"]
[Source "ChessBase"]
[SourceDate "2008.01.10"]
[SourceVersion "1"]
[SourceVersionDate "2008.01.10"]
[SourceQuality "1"]

1. e4 d5 2. e5 Bf5 3. d4 e6 4. Bd3 Ne7 5. Bg5 Bxd3 6. Qxd3 h6 7. Bh4 g5 8. Bg3 Nf5 9. Ne2 c5 10. c3 Nc6 11. Nd2 Qb6 12. Nf3 cxd4 13. 0-0 dxc3 14. bxc3 Qc7 15. Ned4 Nxg3 16. hxg3 a6 17. Nxc6 bxc6 18. Rab1 Bg7 19. Rfe1 Kd7 20. c4 Qa5 21. Rb7+ Ke8 22. Reb1 Qd8 23. Qa3 Bf8 24. c5 d4 25. Qa4 Be7 26. Qxc6+ Kf8 27. Rd7 Qc8 28. Rc7 Qe8 29. Nxd4 Qxc6 30. Nxc6 Bxc5 31. Rbb7 Rh7 32. Nb8 Bd4 33. Nd7+ Kg7 34. Nf6 Bxe5 35. Rxf7+ Kg6 36. Nxh7 Rd8 37. Nf8+ Kh5 38. Nxe6 Rd2 39. Ng7+ Kg6 40. Nf5 Rxa2 41. Ne3 a5 42. Rfe7 a4 43. Rb6+ Kh5 44. g4+ 1-0

[Event "Osijek op"]
[Site "Osijek"]
[Date "2007.02.10"]
[Round "3"]
[White "Grguric, Damir"]
[Black "Kekez, Davor"]
[Result "1/2-1/2"]
[WhiteElo "2008"]
[BlackElo "1677"]
[PlyCount "103"]
[EventDate "2007.02.08"]
[EventType "swiss"]
[EventRounds "9"]
[EventCountry "CRO"]
[SourceTitle "CBM 116 Extra"]
[Source "ChessBase"]
[SourceDate "2007.03.07"]
[SourceVersion "1"]
[SourceVersionDate "2007.03.07"]
[SourceQuality "1"]

1. d4 d5 2. c4 c6 3. Nc3 Nf6 4. Bg5 e6 5. Nf3 Be7 6. e3 Nbd7 7. Bd3 0-0 8. 0-0 dxc4 9. Bxc4 h6 10. Bh4 b5 11. Bb3 Bb7 12. Rc1 Qb6 13. e4 Rfe8 14. e5 Nd5 15. Bxe7 Nxe7 16. Ne4 Red8 17. Qe2 Rac8 18. Nd6 Rc7 19. Rfd1 Nc8 20. Nxb7 Qxb7 21. Rc3 Ne7 22. Qe4 Nd5 23. Bc2 Nf8 24. Rc5 Rcc8 25. Bb1 f5 26. exf6 Nxf6 27. Qc2 N6d7 28. Rc3 Rc7 29. Qe2 Nf6 30. Ne5 Qc8 31. a3 a6 32. Ba2 Nd5 33. Rg3 Re8 34. b4 Nc3 35. Qd2 Ne4 36. Qe3 Nxg3 37. hxg3 g5 38. f4 Qd8 39. f5 Kg7 40. g4 Nd7 41. Nxd7 Rxd7 42. fxe6 Rde7 43. Qe5+ Kg8 44. Rf1 Rf8 45. Rf7 Rfxf7 46. exf7+ Rxf7 47. Bxf7+ Kxf7 48. Kf2 Qd7 49. Kf3 Qd5+ 50. Qxd5+ cxd5 51. Kg3 Ke6 52. Kf3 1/2-1/2